Mỹ học; T2

Bewaard in:
Bibliografische gegevens
Hoofdauteur: George W Hegel
Formaat: Boek
Taal:Undetermined
Gepubliceerd in: Hà Nội Văn Học 1999
Onderwerpen:
Tags: Voeg label toe
Geen labels, Wees de eerste die dit record labelt!
Thư viện lưu trữ: Trung tâm Học liệu Trường Đại học Cần Thơ
LEADER 00461nam a2200169Ia 4500
001 CTU_29696
008 210402s9999 xx 000 0 und d
082 |a 111.85 
082 |b H462/T2 
100 |a George W Hegel 
245 0 |a Mỹ học; T2 
245 0 |c George W Hegel, Phan Ngọc 
260 |a Hà Nội 
260 |b Văn Học 
260 |c 1999 
650 |a aesthetics,philosophy, german 
980 |a Trung tâm Học liệu Trường Đại học Cần Thơ